000 00258nam a22001217a 4500
008 171130b xxu||||| |||| 00| 0 eng d
041 _aeng
080 _a32
100 _a19
101 _aPOL
245 _aTHE LIMITS TO UNION
_cHILLER,J.G
942 _2udc
_cBK
999 _c38631
_d38631